000 00895cam a2200253 a 4500
001 3824055
005 20250821145436.0
008 860619s1986 ilu b 001 0 eng
020 _a0802406564 (pbk.) :
_c$5.95
020 _a9780802406569
050 0 0 _aBL240.2
_b.M65 1986
082 0 0 _a220.1
_219
100 1 _aMorris, Henry M.
_q(Henry Madison),
_d1918-2006.
245 1 0 _aScience and the Bible /
_cby Henry M. Morris.
250 _aRev. and updated.
260 _aChicago :
_bMoody Press,
_cc1986.
300 _a154 p. ;
_c22 cm.
500 _aRev. and updated ed. of: The Bible and modern science. 1951.
500 _aIncludes indexes.
650 0 _aReligion and science.
700 1 _aMorris, Henry M.
_q(Henry Madison),
_d1918-2006.
_tBible and modern science.
856 4 2 _3Publisher description
_uhttp://www.loc.gov/catdir/enhancements/fy0609/86016390-d.html
942 _2lcc
_cBK
_n0
999 _c7330
_d7330